[Event "Swiss Queens Wed #13"]
[Site "FIDE Online Arena INT"]
[Date "2024.04.24"]
[Round "10"]
[White "Fang, Kun"]
[Black "Agrest, Inna"]
[Result "0-1"]
[WhiteElo "1799"]
[BlackElo "2221"]
[PlyCount "60"]
[EventDate "2024.04.24"]
[EventType "swiss (blitz)"]
[EventRounds "11"]
[EventCountry "NET"]
[SourceTitle "CB18_2024"]
[SourceDate "2024.05.01"]
[SourceVersion "1"]
[SourceVersionDate "2024.05.01"]
[SourceQuality "2"]

1. e4 e5 2. Nf3 Nc6 3. Bb5 a6 4. Ba4 Nf6 5. 0-0 b5 6. Bb3 Bc5 7. d3 d6 8. c3 Bb6 9. a4 Rb8 10. Nbd2 0-0 11. Re1 Ne7 12. Nf1 Ng6 13. Ng3 h6 14. d4 Bg4 15. Nf5 exd4 16. cxd4 c5 17. dxc5 Bxc5 18. h3 Bxf3 19. Qxf3 Ne5 20. Qe2 Re8 21. Be3 Nxe4 22. Bxc5 Nxc5 23. Bc2 Qf6 24. Ng3 b4 25. Kh1 b3 26. Bb1 Re6 27. Nh5 Qh4 28. Bf5 Re7 29. g3 Qb4 30. Qf1 Rbe8 0-1

[Event "Swiss Queens Wed #13"]
[Site "FIDE Online Arena INT"]
[Date "2024.04.24"]
[Round "3"]
[White "Fang, Kun"]
[Black "Hilario, Aleyla"]
[Result "0-1"]
[WhiteElo "1799"]
[BlackElo "1932"]
[PlyCount "62"]
[EventDate "2024.04.24"]
[EventType "swiss (blitz)"]
[EventRounds "11"]
[EventCountry "NET"]
[SourceTitle "CB18_2024"]
[SourceDate "2024.05.01"]
[SourceVersion "1"]
[SourceVersionDate "2024.05.01"]
[SourceQuality "2"]

1. e4 e6 2. d4 d5 3. Nc3 Bb4 4. e5 c5 5. Bd2 cxd4 6. Nb5 Bc5 7. Qg4 Ne7 8. b4 a6 9. bxc5 axb5 10. Bxb5+ Bd7 11. Bxd7+ Nxd7 12. Qxd4 Nf5 13. Qf4 Nxc5 14. Nf3 0-0 15. 0-0 f6 16. Bb4 b6 17. Nd4 Ra4 18. a3 Qc7 19. Rfe1 Ne7 20. Qe3 f5 21. Bxc5 bxc5 22. Nxe6 Qc6 23. Nxf8 Kxf8 24. Rab1 Qc7 25. Rb5 Re4 26. Qc3 Rc4 27. Qb3 Kf7 28. Rb7 Qd8 29. e6+ Kf6 30. Qh3 h6 31. Qh4+ Rxh4 0-1

[Event "Swiss Queens Wed #9"]
[Site "FIDE Online Arena INT"]
[Date "2024.03.27"]
[Round "2"]
[White "Fang, Kun"]
[Black "Gunina, Valentina"]
[Result "1-0"]
[WhiteElo "1801"]
[BlackElo "2437"]
[PlyCount "23"]
[EventDate "2024.03.27"]
[EventType "swiss (blitz)"]
[EventRounds "11"]
[EventCountry "NET"]
[SourceTitle "CB14_2024"]
[SourceDate "2024.04.01"]
[SourceVersion "1"]
[SourceVersionDate "2024.04.01"]
[SourceQuality "1"]

1. e4 c6 2. d4 d5 3. exd5 cxd5 4. Bd3 Nc6 5. c3 e6 6. Bf4 Nge7 7. Nd2 Ng6 8. Bg3 Bd6 9. Ngf3 Nf4 10. Bxf4 Bxf4 11. 0-0 0-0 12. Re1 1-0

[Event "Swiss Queens Wed #9"]
[Site "FIDE Online Arena INT"]
[Date "2024.03.27"]
[Round "5"]
[White "Padmini, Rout"]
[Black "Fang, Kun"]
[Result "1-0"]
[WhiteElo "2353"]
[BlackElo "1801"]
[PlyCount "87"]
[EventDate "2024.03.27"]
[EventType "swiss (blitz)"]
[EventRounds "11"]
[EventCountry "NET"]
[SourceTitle "CB14_2024"]
[SourceDate "2024.04.01"]
[SourceVersion "1"]
[SourceVersionDate "2024.04.01"]
[SourceQuality "1"]

1. e4 e5 2. Nf3 Nc6 3. Bc4 Bc5 4. 0-0 Nf6 5. d3 d6 6. c3 Bb6 7. Nbd2 0-0 8. h3 a6 9. Bb3 Be6 10. Re1 h6 11. Nc4 Ba7 12. Ne3 Ne7 13. Bxe6 fxe6 14. Qb3 Qc8 15. Ng4 Nxg4 16. hxg4 Ng6 17. d4 exd4 18. Nxd4 Kh7 19. Be3 e5 20. Nf5 Nf4 21. Bxa7 Rxa7 22. g3 Ne6 23. Kg2 Ng5 24. f4 exf4 25. gxf4 Ne6 26. Kg3 g6 27. Ne7 Qd7 28. Nd5 c6 29. Nb6 Qf7 30. f5 Ng5 31. Qxf7+ Nxf7 32. Rad1 gxf5 33. exf5 Rg8 34. Re6 Ne5 35. Rdxd6 Nxg4 36. Re7+ Kh8 37. Rg6 Rxg6 38. fxg6 Nf6 39. Kf4 Nd5+ 40. Nxd5 cxd5 41. Kf5 Ra8 42. Kf6 Rf8+ 43. Rf7 Rg8 44. Rh7# 1-0

[Event "Swiss Queens Wed #6"]
[Site "FIDE Online Arena INT"]
[Date "2024.03.06"]
[Round "10"]
[White "Bauyrzhan, Arnash"]
[Black "Fang, Kun"]
[Result "1-0"]
[WhiteElo "2029"]
[BlackElo "1801"]
[PlyCount "127"]
[EventDate "2024.03.06"]
[EventType "swiss (blitz)"]
[EventRounds "11"]
[EventCountry "NET"]
[SourceTitle "CB11_2024"]
[SourceDate "2024.03.13"]
[SourceVersion "1"]
[SourceVersionDate "2024.03.13"]
[SourceQuality "1"]

1. e4 e5 2. Nf3 Nc6 3. d4 exd4 4. Bc4 Nf6 5. 0-0 Nxe4 6. Re1 d5 7. Bxd5 Qxd5 8. Nc3 Qa5 9. Nxe4 Be6 10. Bd2 Qh5 11. Bg5 h6 12. Bf6 Qa5 13. Bxd4 0-0-0 14. c3 Bg4 15. h3 Bh5 16. b4 Nxd4 17. bxa5 Nxf3+ 18. gxf3 Rxd1 19. Raxd1 Bxf3 20. Nf6 Bd6 21. Rd3 Bc6 22. Nd5 Bb5 23. Rde3 Kd7 24. Nb4 g5 25. Re4 f5 26. Re6 Bc4 27. Rg6 Rh7 28. a4 Be7 29. a6 b6 30. Rd1+ Bd6 31. Nd5 Bb3 32. Nf6+ Ke7 33. Rxd6 cxd6 34. Nxh7 Bf7 35. Rg7 Ke8 36. Nf6+ Ke7 37. Nd5+ Kf8 38. Rh7 h5 39. Nxb6 g4 40. Nc8 Bd5 41. Rxa7 gxh3 42. Kh2 f4 43. Rc7 Ba8 44. a7 Ke8 45. Nb6 Kd8 46. Rc8+ Ke7 47. Rxa8 f3 48. Re8+ Kxe8 49. a8Q+ Ke7 50. Qxf3 Kd8 51. Qxh3 Kc7 52. Qxh5 Kxb6 53. Qg6 Kc7 54. f4 Kc6 55. f5 Kd5 56. f6 Ke6 57. f7+ Ke7 58. f8Q+ Kxf8 59. Qxd6+ Kf7 60. c4 Kg7 61. c5 Kf7 62. c6 Kg7 63. c7 Kf7 64. c8Q 1-0

[Event "Swiss Queens Wed #6"]
[Site "FIDE Online Arena INT"]
[Date "2024.03.06"]
[Round "8"]
[White "Fang, Kun"]
[Black "Vidruska, Renate"]
[Result "1-0"]
[WhiteElo "1801"]
[BlackElo "1978"]
[PlyCount "191"]
[EventDate "2024.03.06"]
[EventType "swiss (blitz)"]
[EventRounds "11"]
[EventCountry "NET"]
[SourceTitle "CB11_2024"]
[SourceDate "2024.03.13"]
[SourceVersion "1"]
[SourceVersionDate "2024.03.13"]
[SourceQuality "1"]

1. e4 c5 2. Nf3 d6 3. d4 cxd4 4. Nxd4 Nf6 5. Nc3 a6 6. Be2 e5 7. Nb3 Be6 8. Be3 Nbd7 9. 0-0 h5 10. f4 exf4 11. Bxf4 Ne5 12. Qd4 Be7 13. Bxe5 dxe5 14. Qxe5 Bd6 15. Qg5 Bxh2+ 16. Kh1 Rh7 17. e5 Ng4 18. Qxd8+ Rxd8 19. Bd3 g6 20. Ne4 Bxe5 21. Nbc5 Bd5 22. Rae1 Kf8 23. b3 Kg7 24. Ng5 Rhh8 25. c4 Bxg2+ 26. Kxg2 Rxd3 27. Nxd3 Bf6 28. Ne4 Bd4 29. Rf3 f5 30. Nd6 h4 31. Re7+ Kf6 32. Rf7+ Kg5 33. Nxb7 Ne3+ 34. Kh3 Nd1 35. Nbc5 Re8 36. Rd7 Bc3 37. Rf1 Ne3 38. Re1 f4 39. Rf7 Be5 40. Nxe5 Rxe5 41. Nd3 Re4 42. Rg1+ Kh6 43. Rxf4 Re8 44. Rf6 Rg8 45. Nf4 Nf5 46. Nxg6 Kh7 47. Nxh4 Rxg1 48. Rxf5 Ra1 49. Rf2 Kg7 50. Nf5+ Kf6 51. Kg3 Ke5 52. Ne7 Kd6 53. Nc8+ Kc6 54. Na7+ Kb6 55. Nc8+ Kc7 56. Ne7 Re1 57. Nd5+ Kc6 58. Kf3 Kc5 59. Ne3 a5 60. Ke4 Kb4 61. Kd3 Ka3 62. c5 Rc1 63. Kd4 Kb4 64. Nc4 Kb5 65. Rd2 Rh1 66. Kd5 Rh4 67. Ne5 Rh5 68. c6 Kb6 69. Rc2 Kc7 70. Ke6 Rh6+ 71. Kf5 Rh5+ 72. Kf6 Rh6+ 73. Kg5 Re6 74. Nd3 Rd6 75. Ne5 Rd5 76. Kf5 Rd1 77. a3 Rf1+ 78. Ke4 Re1+ 79. Kd4 Rb1 80. Rc3 Ra1 81. a4 Rd1+ 82. Nd3 Rg1 83. Kc5 Rg5+ 84. Kd4 Rg4+ 85. Kd5 Rg5+ 86. Ne5 Rh5 87. Rc5 Rg5 88. Rxa5 Rg3 89. Ra7+ Kb8 90. Rb7+ Kc8 91. Rf7 Kb8 92. b4 Rg1 93. b5 Rd1+ 94. Kc5 Rc1+ 95. Kb6 Kc8 96. Rf8# 1-0

[Event "Swiss Queens Wed #6"]
[Site "FIDE Online Arena INT"]
[Date "2024.03.06"]
[Round "6"]
[White "Fang, Kun"]
[Black "Zaksaite, Salomeja"]
[Result "1-0"]
[WhiteElo "1801"]
[BlackElo "2212"]
[PlyCount "83"]
[EventDate "2024.03.06"]
[EventType "swiss (blitz)"]
[EventRounds "11"]
[EventCountry "NET"]
[SourceTitle "CB11_2024"]
[SourceDate "2024.03.13"]
[SourceVersion "1"]
[SourceVersionDate "2024.03.13"]
[SourceQuality "1"]

1. e4 c5 2. Nf3 e6 3. d4 cxd4 4. Nxd4 Nf6 5. Bd3 Nc6 6. Be3 d5 7. Nxc6 bxc6 8. e5 Nd7 9. f4 Ba6 10. 0-0 Bxd3 11. cxd3 Be7 12. d4 0-0 13. Nd2 c5 14. Rc1 Qb6 15. Qb3 c4 16. Qc2 Rab8 17. b3 Rfc8 18. bxc4 dxc4 19. Nxc4 Qa6 20. Qd3 Qxa2 21. f5 Nb6 22. Nxb6 axb6 23. fxe6 fxe6 24. Ra1 Qc2 25. Qb5 Qe4 26. Bf2 Qc6 27. Qd3 b5 28. Ra7 Bf8 29. Qg3 Rb7 30. Rxb7 Qxb7 31. Qg4 Qd5 32. Be3 b4 33. Bh6 Qd7 34. d5 Kh8 35. dxe6 Qa7+ 36. Kh1 gxh6 37. e7 Qxe7 38. Qxc8 Kg7 39. Qg4+ Kh8 40. e6 Bg7 41. Qc4 b3 42. Qc8+ 1-0

[Event "Swiss Queens Wed #5"]
[Site "FIDE Online Arena INT"]
[Date "2024.02.28"]
[Round "1"]
[White "Fronda Pascua, Jan Jodilyn"]
[Black "Fang, Kun"]
[Result "0-1"]
[WhiteElo "2128"]
[BlackElo "1669"]
[PlyCount "164"]
[EventDate "2024.02.28"]
[EventType "swiss (blitz)"]
[EventRounds "11"]
[EventCountry "NET"]
[SourceTitle "CB10_2024"]
[SourceDate "2024.03.06"]
[SourceVersion "1"]
[SourceVersionDate "2024.03.06"]
[SourceQuality "1"]

1. e4 e5 2. Nf3 Nc6 3. Bb5 a6 4. Ba4 Nf6 5. 0-0 Be7 6. d3 b5 7. Bb3 d6 8. a4 Bb7 9. Re1 0-0 10. Nbd2 Re8 11. Nf1 Bf8 12. Ng3 g6 13. Bg5 h6 14. Be3 Na5 15. Ba2 Ng4 16. Bd2 c5 17. h3 Nf6 18. Nh4 d5 19. exd5 Nxd5 20. Nf3 Nc6 21. c3 Bg7 22. Qc2 Rc8 23. Ne4 c4 24. dxc4 bxc4 25. Bxc4 Nb6 26. Bb3 Nb4 27. Bxf7+ Kxf7 28. Qb3+ N4d5 29. a5 Re6 30. Be3 Nxe3 31. Rxe3 Nd5 32. Qxb7+ Rc7 33. Qb3 Nxe3 34. fxe3 Rce7 35. Rf1 Ke8 36. Rd1 Qc7 37. Qa4+ Kf8 38. Qa3 Kg8 39. b4 Qa7 40. Nc5 Rc6 41. Qb3+ Kh7 42. Qd5 e4 43. Qxc6 exf3 44. Qxf3 Qc7 45. Rf1 Qe5 46. e4 Qd6 47. Kh1 Qd2 48. Rd1 Qc2 49. Rd7 Rxd7 50. Nxd7 Qc1+ 51. Kh2 Qd2 52. Qf7 Qxc3 53. Nf6+ Qxf6 54. Qxf6 Bxf6 55. Kg3 Bc3 56. b5 axb5 57. a6 Bd4 58. e5 Kg7 59. Kf3 Kf7 60. Ke4 Ba7 61. Kd5 Ke7 62. Kc6 b4 63. Kb7 Bd4 64. a7 Bxa7 65. Kxa7 Ke6 66. Kb6 b3 67. Kc5 b2 68. Kd4 b1Q 69. Ke3 Qe1+ 70. Kf3 Qxe5 71. g4 Qd5+ 72. Kg3 Kf6 73. Kh4 Qd1 74. g5+ hxg5+ 75. Kg3 Qg1+ 76. Kf3 Qh1+ 77. Kg3 Kf5 78. Kf2 g4 79. hxg4+ Kxg4 80. Ke3 Kh3 81. Kf2 g5 82. Ke3 g4 0-1

[Event "SGP-ch 74th"]
[Site "Singapore"]
[Date "2023.02.04"]
[Round "5"]
[White "Fang, Kun"]
[Black "Yu, Bei Hao"]
[Result "1/2-1/2"]
[WhiteElo "1814"]
[BlackElo "1473"]
[PlyCount "116"]
[EventDate "2023.01.27"]
[EventType "swiss"]
[EventRounds "9"]
[EventCountry "SIN"]
[SourceTitle "CBM 212 Extra"]
[Source "ChessBase"]
[SourceDate "2023.03.31"]
[SourceVersion "1"]
[SourceVersionDate "2023.03.31"]
[SourceQuality "1"]

1. e4 c5 2. Nf3 d6 3. d4 cxd4 4. Nxd4 Nf6 5. Nc3 a6 6. Be2 e5 7. Nb3 Be7 8. Be3 Be6 9. Nd5 Nbd7 10. f3 0-0 11. Qd2 h5 12. Na5 Bxd5 13. exd5 Qc7 14. c4 h4 15. b4 Nh5 16. Rc1 Nf4 17. 0-0 f5 18. Rfd1 h3 19. g3 Nxe2+ 20. Qxe2 f4 21. Bf2 Bg5 22. Rc2 Rae8 23. c5 e4 24. fxe4 dxc5 25. d6 Qb6 26. Qc4+ Kh8 27. Bxc5 Qd8 28. Bf2 fxg3 29. hxg3 Qf6 30. Qf1 h2+ 31. Kxh2 Bh6 32. Qh3 Re5 33. Bd4 Qf3 34. Rf2 Qxd1 35. Rxf8+ Nxf8 36. Bxe5 Qe2+ 37. Kg1 Kg8 38. Bf4 Bxf4 39. gxf4 Qxe4 40. Qb3+ Kh8 41. Qh3+ Kg8 42. Qb3+ Kh8 43. Qf7 Qe1+ 44. Kg2 Qd2+ 45. Kg3 Qxd6 46. Nxb7 Qxb4 47. Qh5+ Kg8 48. Qd5+ Kh8 49. Nd6 Qe1+ 50. Kg4 Qe6+ 51. Qxe6 Nxe6 52. Kf5 Nd4+ 53. Kg6 Kg8 54. Nf5 Nxf5 55. Kxf5 Kf7 56. Kg5 g6 57. a3 Kg7 58. a4 a5 1/2-1/2

[Event "SGP-ch 74th"]
[Site "Singapore"]
[Date "2023.02.03"]
[Round "4"]
[White "Siddharth, Sai"]
[Black "Fang, Kun"]
[Result "1/2-1/2"]
[WhiteElo "1546"]
[BlackElo "1814"]
[PlyCount "107"]
[EventDate "2023.01.27"]
[EventType "swiss"]
[EventRounds "9"]
[EventCountry "SIN"]
[SourceTitle "CBM 212 Extra"]
[Source "ChessBase"]
[SourceDate "2023.03.31"]
[SourceVersion "1"]
[SourceVersionDate "2023.03.31"]
[SourceQuality "1"]

1. e4 e5 2. Nf3 Nc6 3. d4 exd4 4. Bc4 Nf6 5. 0-0 Nxe4 6. Re1 d5 7. Bxd5 Qxd5 8. Nc3 Qa5 9. Nxe4 Be6 10. Neg5 0-0-0 11. Nxe6 fxe6 12. Rxe6 Bd6 13. Bd2 Qh5 14. h3 h6 15. Qe2 Qf7 16. Re1 g5 17. Qe4 Rdf8 18. Qg6 Kd7 19. Qxf7+ Rxf7 20. R6e4 Rhf8 21. R1e2 Kc8 22. a3 a5 23. Re8+ Kd7 24. R8e4 Kc8 25. Re8+ Rxe8 26. Rxe8+ Kd7 27. Re4 Re7 28. Rxe7+ Bxe7 29. Kf1 Ke6 30. Ke2 b6 31. Kd3 Kd5 32. g4 Bf6 33. Bc1 Nd8 34. Ng1 c5 35. f3 c4+ 36. Ke2 Ne6 37. h4 b5 38. Nh3 Ke5 39. Bd2 Bd8 40. Kf2 Kd5 41. hxg5 hxg5 42. f4 gxf4 43. Nxf4+ Nxf4 44. Bxf4 c3 45. bxc3 dxc3 46. Ke2 Kc4 47. g5 Be7 48. g6 Bf6 49. Bh6 b4 50. axb4 axb4 51. g7 Bxg7 52. Bxg7 b3 53. cxb3+ Kxb3 54. Bxc3 1/2-1/2

[Event "Olympiad Women-44"]
[Site "Chennai"]
[Date "2022.08.07"]
[Round "9.4"]
[White "Fang, Kun"]
[Black "Sarquis, Maria Belen"]
[Result "0-1"]
[WhiteElo "1766"]
[BlackElo "2072"]
[PlyCount "82"]
[EventDate "2022.07.29"]
[EventType "team-swiss"]
[EventRounds "11"]
[EventCountry "IND"]
[SourceTitle "CBM 210"]
[Source "ChessBase"]
[SourceDate "2022.10.31"]
[SourceVersion "1"]
[SourceVersionDate "2022.10.31"]
[SourceQuality "1"]
[WhiteTeam "Singapore (W)"]
[BlackTeam "Argentina (W)"]
[WhiteTeamCountry "SIN"]
[BlackTeamCountry "ARG"]

1. e4 e5 2. Nf3 Nc6 3. Bb5 a6 4. Ba4 Nf6 5. 0-0 Nxe4 6. d4 b5 7. Bb3 d5 8. dxe5 Be6 9. c3 Bc5 10. Qe2 0-0 11. Nbd2 Bf5 12. a4 Nxd2 13. Bxd2 Na5 14. Bd1 Nc4 15. Bg5 f6 16. Bh4 Qd7 17. b3 Nxe5 18. Nxe5 fxe5 19. Qxe5 Bd3 20. Bf3 Rf5 21. Qg3 Bxf1 22. Bg4 Be2 23. Bxf5 Qxf5 24. Qxc7 Rc8 25. Qb7 bxa4 26. bxa4 Bf8 27. Be7 Bxe7 28. Qxe7 Bc4 29. Re1 Rf8 30. f3 Qf7 31. Qe3 Qd7 32. a5 Qc7 33. Rb1 Bb5 34. Qe6+ Qf7 35. Qd6 Qd7 36. Qc5 Qc6 37. Qe3 Rc8 38. Qg5 h6 39. Qf5 Kh8 40. h3 Qxc3 41. Kh2 Bd3 0-1

[Event "Olympiad Women-44"]
[Site "Chennai"]
[Date "2022.08.05"]
[Round "7.4"]
[White "Johansson, Viktoria"]
[Black "Fang, Kun"]
[Result "1-0"]
[WhiteElo "2041"]
[BlackElo "1766"]
[PlyCount "181"]
[EventDate "2022.07.29"]
[EventType "team-swiss"]
[EventRounds "11"]
[EventCountry "IND"]
[SourceTitle "CBM 210"]
[Source "ChessBase"]
[SourceDate "2022.10.31"]
[SourceVersion "1"]
[SourceVersionDate "2022.10.31"]
[SourceQuality "1"]
[WhiteTeam "Sweden (W)"]
[BlackTeam "Singapore (W)"]
[WhiteTeamCountry "SWE"]
[BlackTeamCountry "SIN"]

1. d4 d5 2. c4 c6 3. Nf3 Nf6 4. Nc3 e6 5. e3 Nbd7 6. Be2 Bd6 7. 0-0 0-0 8. Qc2 Qe7 9. e4 dxe4 10. Nxe4 Nxe4 11. Qxe4 e5 12. Bg5 Qe6 13. c5 Bc7 14. Rac1 Qg6 15. Qe3 exd4 16. Qxd4 Ne5 17. Qh4 Nxf3+ 18. Bxf3 h6 19. Be3 Re8 20. Rfe1 Be6 21. a3 Rad8 22. Qb4 Re7 23. Bf4 Bxf4 24. Qxf4 Red7 25. Rc3 Bd5 26. h3 Be6 27. Be4 Qh5 28. Rg3 Rd4 29. Qe3 Kh8 30. b4 a5 31. Bf3 Qh4 32. Qe5 Rg8 33. Be4 Rd2 34. Bb1 Rd5 35. Qc3 axb4 36. axb4 Qd4 37. Qa3 Bf5 38. Rf3 Bxb1 39. Rxb1 Qe4 40. Rf1 f6 41. Re3 Qd4 42. Rfe1 Rf5 43. Qd3 Rf4 44. Qg6 f5 45. g3 Re4 46. Rxe4 fxe4 47. Qxe4 Qd2 48. Kg2 Ra8 49. Re2 Qd1 50. Qf3 Qb1 51. Qg4 Ra1 52. Re8+ Kh7 53. Qe4+ Qxe4+ 54. Rxe4 Rb1 55. g4 Rb2 56. h4 Kg8 57. h5 Kf7 58. Kg3 Rb1 59. Rd4 Ke6 60. Kf4 Rb2 61. f3 Rb3 62. Ke4 Rb1 63. Rd6+ Ke7 64. Kf5 Rb3 65. Kg6 Rxf3 66. Rd4 Kf8 67. Rd8+ Ke7 68. Rb8 Rf4 69. Rxb7+ Ke6 70. Kxg7 Rxg4+ 71. Kxh6 Kf6 72. Kh7 Rg5 73. h6 Rg4 74. Rb6 Kf7 75. Rb8 Rh4 76. Rb7+ Kf6 77. Rb6 Kf7 78. Rxc6 Rxb4 79. Rg6 Rb8 80. c6 Ra8 81. c7 Rc8 82. Rc6 Kf8 83. Rc1 Kf7 84. Rc6 Kf8 85. Kg6 Kg8 86. Kf6 Kh8 87. Ke7 Kh7 88. Kd7 Rf8 89. c8Q Rf7+ 90. Ke6 Re7+ 91. Kd6 1-0

[Event "Asia Club-ch Hybrid"]
[Site "Tornelo INT"]
[Date "2021.11.07"]
[Round "5.5"]
[White "Fang, Kun"]
[Black "Sultana, Sharmin Shirin"]
[Result "1-0"]
[WhiteElo "1731"]
[BlackElo "1983"]
[PlyCount "57"]
[EventDate "2021.11.03"]
[EventType "team-swiss"]
[EventRounds "9"]
[EventCountry "NET"]
[SourceTitle "CBM 205 Extra"]
[Source "ChessBase"]
[SourceDate "2022.01.31"]
[SourceVersion "1"]
[SourceVersionDate "2022.01.31"]
[SourceQuality "1"]
[WhiteTeam "SG Chess Hub"]
[BlackTeam "Bangladesh Police"]
[WhiteTeamCountry "SIN"]
[BlackTeamCountry "BAN"]

1. e4 c5 2. Nf3 e6 3. d4 cxd4 4. Nxd4 a6 5. Bd3 Qc7 6. 0-0 Nc6 7. Be3 Nf6 8. c4 Bd6 9. Nxc6 Bxh2+ 10. Kh1 dxc6 11. g3 Bxg3 12. fxg3 Qxg3 13. Qf3 Qh4+ 14. Kg2 e5 15. Nc3 Be6 16. Rh1 Qg4+ 17. Qxg4 Nxg4 18. Bb6 Nf6 19. Rad1 Nd7 20. Be3 f6 21. Rd2 h5 22. Be2 h4 23. Rhd1 Ke7 24. Rd6 Rad8 25. Na4 g5 26. Nc5 Nxc5 27. Rxd8 Rxd8 28. Bxc5+ Ke8 29. Bh5+ 1-0

[Event "Asia Club-ch Hybrid"]
[Site "Tornelo INT"]
[Date "2021.11.06"]
[Round "4.5"]
[White "Fang, Kun"]
[Black "Shadanpour, Sana"]
[Result "1-0"]
[WhiteElo "1731"]
[BlackElo "1153"]
[PlyCount "95"]
[EventDate "2021.11.03"]
[EventType "team-swiss"]
[EventRounds "9"]
[EventCountry "NET"]
[SourceTitle "CBM 205 Extra"]
[Source "ChessBase"]
[SourceDate "2022.01.31"]
[SourceVersion "1"]
[SourceVersionDate "2022.01.31"]
[SourceQuality "1"]
[WhiteTeam "SG Chess Hub"]
[BlackTeam "Fekre Bartar"]
[WhiteTeamCountry "SIN"]
[BlackTeamCountry "IRI"]

1. e4 d5 2. exd5 Nf6 3. Bb5+ Nbd7 4. c4 a6 5. Ba4 b5 6. cxb5 Nxd5 7. d4 e6 8. Nc3 N5b6 9. Bc2 axb5 10. Nxb5 Ba6 11. Bd3 Bb4+ 12. Nc3 Nd5 13. Nge2 Bxd3 14. Qxd3 c5 15. 0-0 0-0 16. Nxd5 exd5 17. dxc5 Nxc5 18. Qd4 Rb8 19. Be3 Ne6 20. Qg4 f5 21. Qf3 d4 22. Rfd1 d3 23. Nf4 Ng5 24. Qd5+ Qxd5 25. Nxd5 Bd6 26. Bxg5 Rxb2 27. Rxd3 Rfb8 28. g3 Bc5 29. Be3 Bf8 30. a4 h6 31. a5 g5 32. a6 f4 33. gxf4 gxf4 34. Nxf4 Ra8 35. a7 Rb7 36. Ne6 Bg7 37. Rd8+ Rxd8 38. Nxd8 Bxa1 39. a8Q Rb1+ 40. Kg2 Bg7 41. Qd5+ Kh8 42. Qf7 Rg1+ 43. Kxg1 h5 44. Ne6 Ba1 45. Bd4+ Bxd4 46. Nxd4 h4 47. Nf5 h3 48. Qg7# 1-0

[Event "Asia Club-ch Hybrid"]
[Site "Tornelo INT"]
[Date "2021.11.04"]
[Round "2.5"]
[White "Advika, Vinai"]
[Black "Fang, Kun"]
[Result "0-1"]
[WhiteElo "1032"]
[BlackElo "1731"]
[PlyCount "74"]
[EventDate "2021.11.03"]
[EventType "team-swiss"]
[EventRounds "9"]
[EventCountry "NET"]
[SourceTitle "CBM 205 Extra"]
[Source "ChessBase"]
[SourceDate "2022.01.31"]
[SourceVersion "1"]
[SourceVersionDate "2022.01.31"]
[SourceQuality "1"]
[WhiteTeam "Lion City Meetup"]
[BlackTeam "SG Chess Hub"]
[WhiteTeamCountry "SIN"]
[BlackTeamCountry "SIN"]

1. e4 e5 2. Nf3 Nc6 3. Bb5 a6 4. Ba4 Nf6 5. 0-0 Be7 6. Re1 b5 7. Bb3 d6 8. c3 0-0 9. h3 Nb8 10. d4 Nbd7 11. a4 Bb7 12. d5 c6 13. axb5 axb5 14. Rxa8 Qxa8 15. Bc2 cxd5 16. exd5 Bxd5 17. Qd3 Rb8 18. Ng5 g6 19. Nf3 Bf8 20. Be3 e4 21. Qd4 exf3 22. Bg5 Bg7 23. Qf4 Re8 24. Rd1 Re6 25. Qb4 Qb8 26. Na3 Bc6 27. Bb3 Re4 28. Qa5 fxg2 29. Nc2 Nc5 30. Qa2 Nxb3 31. Qxb3 Qc8 32. Nd4 Bd5 33. Qxb5 Qxh3 34. f3 Qh1+ 35. Kf2 Qxd1 36. Kxg2 Rg4+ 37. Kh3 Qh1# 0-1

[Event "Eastern Asia-ch U16 Girls"]
[Site "Tornelo INT"]
[Date "2021.10.24"]
[Round "8"]
[White "Fang, Kun"]
[Black "Mak, Xiu Ning Charlene"]
[Result "1-0"]
[WhiteElo "1474"]
[BlackElo "1346"]
[PlyCount "87"]
[EventDate "2021.10.22"]
[EventType "swiss"]
[EventRounds "9"]
[EventCountry "NET"]
[SourceTitle "EXT 2023"]
[Source "ChessBase"]
[SourceDate "2022.10.05"]
[SourceVersion "1"]
[SourceVersionDate "2022.10.05"]
[SourceQuality "1"]

1. e4 c5 2. Nf3 Nc6 3. d4 cxd4 4. Nxd4 g6 5. c4 Bg7 6. Be3 d6 7. Nc3 Nf6 8. Be2 0-0 9. 0-0 Bd7 10. Nc2 a5 11. f3 a4 12. Na3 Be6 13. Qd2 Qa5 14. Rfc1 Rfc8 15. Rab1 Nd7 16. Bf1 Nce5 17. Nd5 Qxd2 18. Bxd2 Bxd5 19. exd5 Nc5 20. Bg5 Re8 21. Rd1 Kf8 22. Nb5 Rac8 23. Rd2 Na6 24. Rc1 Nc5 25. h3 Ned7 26. Re1 h6 27. Bf4 Ne5 28. Be3 Na6 29. b3 axb3 30. axb3 Nc5 31. Rb1 Na6 32. Ra2 Nc7 33. Nxc7 Rxc7 34. Ra7 Nd7 35. Rc1 Rec8 36. Rc2 b5 37. Rca2 Rxa7 38. Rxa7 Nc5 39. b4 Nb3 40. cxb5 Nd4 41. b6 Nf5 42. b7 Re8 43. Ra8 Bc3 44. Rxe8+ 1-0

[Event "Eastern Asia-ch U16 Girls"]
[Site "Tornelo INT"]
[Date "2021.10.24"]
[Round "7"]
[White "Rhythm, Singhal"]
[Black "Fang, Kun"]
[Result "0-1"]
[WhiteElo "1281"]
[BlackElo "1474"]
[PlyCount "60"]
[EventDate "2021.10.22"]
[EventType "swiss"]
[EventRounds "9"]
[EventCountry "NET"]
[SourceTitle "EXT 2023"]
[Source "ChessBase"]
[SourceDate "2022.10.05"]
[SourceVersion "1"]
[SourceVersionDate "2022.10.05"]
[SourceQuality "1"]

1. d4 d5 2. Nf3 Nf6 3. e3 Bf5 4. b3 e6 5. Bb2 Bd6 6. Bd3 Bg4 7. Nbd2 Nbd7 8. Be2 0-0 9. 0-0 c5 10. Ne5 Bf5 11. f4 Ne4 12. g4 Nxd2 13. Qxd2 Be4 14. Bf3 Bxf3 15. Rxf3 Nf6 16. g5 Ne4 17. Qg2 f6 18. Nd3 fxg5 19. dxc5 Nxc5 20. Kh1 Ne4 21. Rg1 Rf7 22. fxg5 Rxf3 23. Qxf3 Qe7 24. Qg4 Rf8 25. g6 h6 26. Bd4 b6 27. a4 Rf2 28. Qh3 Rxh2+ 29. Qxh2 Bxh2 30. Kxh2 Qc7+ 0-1

[Event "Eastern Asia-ch U16 Girls"]
[Site "Tornelo INT"]
[Date "2021.10.24"]
[Round "9"]
[White "Urangoo, Kherlenzorig"]
[Black "Fang, Kun"]
[Result "1/2-1/2"]
[WhiteElo "1329"]
[BlackElo "1474"]
[PlyCount "180"]
[EventDate "2021.10.22"]
[EventType "swiss"]
[EventRounds "9"]
[EventCountry "NET"]
[SourceTitle "EXT 2023"]
[Source "ChessBase"]
[SourceDate "2022.10.05"]
[SourceVersion "1"]
[SourceVersionDate "2022.10.05"]
[SourceQuality "1"]

1. d4 d5 2. c4 c6 3. Nc3 Nf6 4. Nf3 dxc4 5. e3 b5 6. a4 b4 7. Nb1 e6 8. Bxc4 a5 9. 0-0 Be7 10. Nbd2 Bb7 11. Nb3 Nbd7 12. Qc2 0-0 13. Be2 Rc8 14. Rd1 Qc7 15. Nbd2 c5 16. b3 Nd5 17. Bb2 Qb8 18. Nc4 cxd4 19. Nxd4 N7b6 20. Qd2 Nxc4 21. Bxc4 Bf6 22. Rac1 Rc5 23. Be2 Rfc8 24. Rxc5 Rxc5 25. Rc1 Qc8 26. Bc4 h6 27. h3 Nb6 28. Be2 Rxc1+ 29. Qxc1 Qxc1+ 30. Bxc1 Bd5 31. Bd1 Nd7 32. Kf1 Nc5 33. Bb2 Bxd4 34. Bxd4 Nxb3 35. Bxb3 Bxb3 36. Bb6 Bxa4 37. Bxa5 b3 38. Bc3 g5 39. Ke2 Kh7 40. Kf3 Kg6 41. e4 Bc6 42. Ke3 h5 43. g3 h4 44. gxh4 gxh4 45. Kf4 Kh5 46. Ke5 Bb5 47. Kf4 Bf1 48. Kf3 Bxh3 49. Bf6 Bf1 50. Be5 Kg6 51. Kg4 h3 52. Kg3 f6 53. Bc3 e5 54. Bb2 Kf7 55. Bc3 Ke6 56. Bb2 Kd6 57. Kh2 Kc5 58. Ba1 Kc4 59. f4 exf4 60. Bxf6 Bg2 61. Bb2 f3 62. Kg3 Kc5 63. e5 Kd5 64. Ba1 Ke6 65. Bc3 Kf5 66. Bb2 Bf1 67. Ba1 Bg2 68. Bc3 Ke6 69. Bb2 Bf1 70. Bc3 Kd5 71. Ba1 Bg2 72. Bb2 Kc6 73. Bc3 Kd7 74. Bb2 Bf1 75. Bc3 Ke7 76. Ba1 Kd8 77. Bc3 Kc7 78. Bb2 Kc6 79. Bc3 Kc5 80. Bb2 Kb4 81. e6 Kc5 82. e7 Bb5 83. Kxf3 Kd6 84. Ba3+ Kd7 85. Kg3 Bf1 86. Kh2 Ke8 87. Kg3 Bg2 88. Kh2 Bf1 89. Kg3 Bg2 90. Kh2 Bf1 1/2-1/2